ARRUPE JESUIT UNIVERSITY

CORONAVIRUS -STOP THE SPREAD - CLEAN,DISINFECT,COVER

The quest for moral law / (Record no. 121062)

MARC details
000 -LEADER
fixed length control field 01532cam a2200277Ia 4500
001 - CONTROL NUMBER
control field 4613867
003 - CONTROL NUMBER IDENTIFIER
control field ARRUPE
005 - DATE AND TIME OF LATEST TRANSACTION
control field 20141002171256.0
008 - FIXED-LENGTH DATA ELEMENTS--GENERAL INFORMATION
fixed length control field 740715s1944 nyu b 001 0 eng
010 ## - LIBRARY OF CONGRESS CONTROL NUMBER
LC control number a 44002550
035 ## - SYSTEM CONTROL NUMBER
System control number (OCoLC)ocm00945811
035 ## - SYSTEM CONTROL NUMBER
System control number (NNC)4613867
040 ## - CATALOGING SOURCE
Original cataloging agency DLC
Transcribing agency OUN
Modifying agency OCL
-- SLU
-- BUF
050 0# - LIBRARY OF CONGRESS CALL NUMBER
Classification number BJ71
Item number .E2
098 ## - OTHER CLASSIFICATION SCHEMES (OCLC)
Call number based on other classification scheme QY46
300 ## - PHYSICAL DESCRIPTION
Dimensions 23 cm.
100 1# - MAIN ENTRY--PERSONAL NAME
Personal name Eby, Louise Saxe.
9 (RLIN) 12011
245 14 - TITLE STATEMENT
Title The quest for moral law /
Statement of responsibility, etc by Louise Saxe Eby.
260 ## - PUBLICATION, DISTRIBUTION, ETC. (IMPRINT)
Place of publication, distribution, etc New York :
Name of publisher, distributor, etc Columbia University Press,
Date of publication, distribution, etc 1944.
300 ## - PHYSICAL DESCRIPTION
Extent viii, 289 p. ;
504 ## - BIBLIOGRAPHY, ETC. NOTE
Bibliography, etc Includes bibliographical references (p. [265]-269) and index.
505 00 - FORMATTED CONTENTS NOTE
Miscellaneous information pt. 1.
Title Some classic ethical systems:
-- The meaning of moral law --
-- The Chinese mind in ethics: Confucius --
-- The radical ethic of Gautama, the Buddha --
-- Socrates, pioneer of the Western ethical thinkers --
-- Aristotle's Nicomachean ethics --
-- Jesus and the Jewish-Christian ethical heritage --
-- Spanning the realms of nature and grace: Saint Thomas Aquinas --
-- Pantheism and determinism in the ethic of Benedict de Spinoza --
-- Kant's construction: the categorical imperative of duty --
-- The impact of the nineteenth and twentieth centuries on ethics --
Miscellaneous information pt. 2.
Title Making ethics a science:
-- The content of moral law --
-- The problem of ethical method --
-- Unsolved problems and undiscerned ends in ethics --
-- The dimensions of ethics --
-- The aim of ethics.
650 #0 - SUBJECT ADDED ENTRY--TOPICAL TERM
Topical term or geographic name as entry element Ethics
General subdivision History.
9 (RLIN) 12012
650 #0 - SUBJECT ADDED ENTRY--TOPICAL TERM
Topical term or geographic name as entry element Ethics.
9 (RLIN) 12013
942 ## - ADDED ENTRY ELEMENTS (KOHA)
Source of classification or shelving scheme Library of Congress Classification
Koha item type Monograph ( Printed materials)
Holdings
Withdrawn status Lost status Source of classification or shelving scheme Damaged status Not for loan Collection code Home library Current library Shelving location Date acquired Total Checkouts Full call number Barcode Date last seen Price effective from Koha item type
    Library of Congress Classification     Main Collection ARRUPE LIBRARY ARRUPE LIBRARY Main Collection 02/10/2014   BJ71 .E2 46500003840 22/09/2016 02/10/2014 Monograph ( Printed materials)

 

Arrupe Library. PO Box MP320 Mt Pleasant, Harare, Zimbabwe
263 242 745411|librarian@aju.ac.zw